Matrix theory and linear algebra /

Gespeichert in:
Bibliographische Detailangaben
Hauptverfasser: Herstein, I.N (Verfasst von), Winter, David J (Verfasst von)
Format: Buch
Sprache:Englisch
Veröffentlicht: New York : Macmillan Publishing Company, 1989
Schriftenreihe:Maxwell Macmillan International Editions
Tags: Tag hinzufügen
Keine Tags, Fügen Sie das erste Tag hinzu!

MARC

LEADER 00000nam a22000003a 4500
001 stu205
005 20150617225622.0
008 910426s1989----xxu-----------------eng-d
020 |a 0-02-946154-5 
040 |a STU  |b slo 
041 0 |a eng 
044 |a xxu 
080 |a 512.643 
100 1 |a Herstein, I.N  |4 aut 
245 1 |a Matrix theory and linear algebra /  |c [aut.] Herstein,I.N.; Winter,David J 
260 |a New York :  |b Macmillan Publishing Company,  |c 1989 
300 |a 508 s 
700 1 |a Winter, David J  |4 aut 
830 0 |a Maxwell Macmillan International Editions 
996 |b E74475  |c E*74475  |l EE03  |s P  |a 0  |w stu205_0001